Los miserables II /

Guardado en:
Autor Principal: Hugo, Victor.
Formato: Libro
Idioma:Spanish
Publicado: Buenos Aires : Hyspamerica, 1985.
Edición:1a ed.
Series:Historia Universal de la Literatura ; 95
Materias:
Etiquetas: Agregar Etiqueta
Sin Etiquetas, Sea el primero en etiquetar este registro!
LEADER 00572nam a22001935a 4500
001 CEM.cems024516
008 250214s1985####ag############000#0#spa#d
005 20250214180500.0
245 1 0 |a Los miserables II /  |c Victor Hugo. 
250 |a 1a ed. 
260 |a Buenos Aires :  |b Hyspamerica,  |c 1985. 
300 |a 554 p. 
490 1 |a Historia Universal de la Literatura ;  |v 95 
020 |a 950614317X 
020 |a 9506143181 
100 1 |a Hugo, Victor. 
653 |a Literatura francesa 
653 |a Novela francesa 
859 |a CEMS  |b BIB. CEMS - 11 de abril  |h 843.7  |i H847  |p 29764.25  |t Ej.1  |v II